Občanské právo
| Main Author: | |
|---|---|
| Format: | Book |
| Language: | Undetermined |
| PhysicalDescription: | 125 s. |
| Published: |
Praha
Vysoká škola politická ÚV KSČ
1968
|
MARC
| LEADER | 00000nam a2200000 a 4500 | ||
|---|---|---|---|
| 001 | vtls001354658 | ||
| 003 | SK-MaSNL | ||
| 005 | 20260301114916.0 | ||
| 008 | 240313s1968 xx 0 und | ||
| 035 | |a SNK000308102 | ||
| 040 | |a SNK |b slo |c SNK |e AACR2 | ||
| 100 | 1 | |a Dejmek, Jan, |d 1930-1978 |4 aut |9 113750 | |
| 245 | 1 | |a Občanské právo | |
| 260 | |a Praha |b Vysoká škola politická ÚV KSČ |c 1968 | ||
| 300 | |a 125 s. | ||
| 958 | |a OND | ||
| 999 | |c 720202 |d 722132 | ||
| 952 | |t P60, <04>, [BOOK], {604} |a SNK |b SNK |y VYP |7 0 |p 17A0180493 |o snkIC 56275 |0 0 |1 0 |4 0 |d 1999-02-08 |l 0 |r 2005-01-02 00:00:00 |w 2026-02-23 | ||


